000 00795nam a2200217Ia 4500
999 _c39482
_d39482
001 6076
003 GE_BSU
005 20190920171420.0
008 181216s1973||||ge |||||||||||||| ||geo||
040 _cGE_BSU
041 _ageo
080 _a821.353.1-1 ა-80
100 _aართილაყვა, რევაზ
_94206
245 _aმწიფობისთვე /
_cრევაზ ართილაყვა ; რედ. შოთა ზოიძე.
264 _aბათუმი :
_bსაბჭოთა აჭარა ;
_c1973.
300 _a100 გვ. :
_bფოტო ;
_c16 სმ.
653 _aმწიფობისთვე
653 _aლექსები
700 _aზოიძე, შოთა
_eრედაქტირი
_94207
942 _cBK
_2udc